=LDR 00000nam 2200000 4500 =001 INLIS000000000054875 =005 20200304082501 =035 ##$$a 0010-0220000437 =007 ta =008 200304################g##########0#ind## =020 ##$$a 979-3855-70-3 =082 ##$$a 297. 4 =084 ##$$a 297. 4 SAY f =100 #$$a Sayyid sadiq =245 1#$$a Fiqih sunnah : $b 2 /$c Sayyid sabiq;Penerjemah, Moh. Abidun...[ Et. al ]; Penyunting, Dendi irfan...[ Et Al ] =250 ##$$a Cet. 5 =260 ##$$a Jakarta :$b Pena pundi aksara,$c 2013 =300 ##$$a Xxii, 539 hlm ; $c 15 x 2, 5 Cm =500 ##$$a judul asli : Fiqhus sunnah =600 #4$$a Fiqih =990 ##$$a 21708510 =990 ##$$a 21708509 =990 ##$$a 21708508 =990 ##$$a 21708507 =990 ##$$a 21708506